000 00294nam a22001337a 4500
008 170731b xxu||||| |||| 00| 0 eng d
020 _a9780735556539
041 _aeng
080 _23RD
_a004
100 _a32
101 _aSHK
245 _aBASIC LEGAL RESEARCH
_cSLOAN,A.E
942 _2udc
_cBK
999 _c22219
_d22219